Perfiles teóricos de autonomía y autoestima para niños de 3° y 6° de la Educación General Básica
| Autor Principal: | |
|---|---|
| Formato: | Libro |
| Publicado: |
San José, Costa Rica :
El Ministerio,
1987
|
| Subjects: |
MARC
| LEADER | 00000nam a2200000Ia 4500 | ||
|---|---|---|---|
| 008 | 141002s1987 cr 000 | s d | ||
| 999 | |c 1775 |d 1775 | ||
| 090 | |a 06.03.06 |b 186 | ||
| 100 | 1 | |a Solís Sánchez, Norma |9 2476 | |
| 245 | 1 | 0 | |a Perfiles teóricos de autonomía y autoestima para niños de 3° y 6° de la Educación General Básica |
| 260 | |a San José, Costa Rica : |b El Ministerio, |c 1987 | ||
| 300 | |a 60 páginas | ||
| 650 | 1 | 4 | |a EDUCACIÓN PRIMARIA |9 367 |
| 650 | 1 | 4 | |a DESARROLLO DE LA PERSONALIDAD |9 907 |
| 650 | 1 | 4 | |a NIÑOS |9 59 |
| 650 | 1 | 4 | |a NIÑAS |9 60 |
| 942 | |i 00220 |h 06.03.06 186 |2 z |c 01 | ||
